| 000 -LEADER | |
|---|---|
| fixed length control field | 00411nam a22001577a 4500 |
| 005 - DATE AND TIME OF LATEST TRANSACTION | |
| control field | 20210909105405.0 |
| 008 - FIXED-LENGTH DATA ELEMENTS--GENERAL INFORMATION | |
| fixed length control field | 180123b xxu||||| |||| 00| 0 eng d |
| 020 ## - INTERNATIONAL STANDARD BOOK NUMBER | |
| ISBN | 978-93-85998-82-9 |
| 041 ## - LANGUAGE CODE | |
| Language code of text/sound track or separate title | eng |
| 082 ## - DEWEY DECIMAL CLASSIFICATION NUMBER | |
| Classification number | 571.2 |
| 100 ## - MAIN ENTRY--AUTHOR NAME | |
| Personal name | DEVLIN, ROBERT M. |
| 245 ## - TITLE STATEMENT | |
| Title | OUTLINE OF PLANT PHYSIOLOGY |
| Statement of responsibility, etc | ROBERT M. DEVLIN |
| 260 ## - PUBLICATION, DISTRIBUTION, ETC. (IMPRINT) | |
| Name of publisher | MEDTECH SCIENTIFIC INTERNATIONAL PVT.LTD |
| 300 ## - PHYSICAL DESCRIPTION | |
| Number of Pages | 654p. |
| 942 ## - ADDED ENTRY ELEMENTS (KOHA) | |
| Koha item type | Books |
| Lost status | Damaged status | Collection code | Home library | Current library | Shelving location | Date acquired | Source of acquisition | Cost, normal purchase price | Full call number | Accession Number | Koha item type |
|---|---|---|---|---|---|---|---|---|---|---|---|
| Reference | JRU Library | JRU Library | SHELF-2-A | 23/01/2018 | DONATION | 495.00 | 571.2 | 22313 | Books |